000 01296nab a22002777a 4500
999 _c6042
_d6042
003 OSt
005 20260118211256.0
008 190605e xxu||||| |||| 00| 0 spa d
040 _cPJ
100 _95129
_aSfeir, Santiago L.
245 1 3 _aLa doctrina de los actos propios su incidencia en la finalización del contrato de trabajo /
_cSantiago L. Sfeir.
260 _aCiudad Autónoma de Buenos Aires :
_bThomson Reuters La Ley,
_c2025.
300 _ap. 89-92
500 _aCita: TR LALEY AR/DOC/2680/2025.
505 _aSumario: I. Antecedentes fácticos del caso.— II. La doctrina de los actos propios en el derecho del trabajo.— III. Palabras finales.
505 _aFallo comentado: CNTrab., sala X ~ 14/07/2025 ~ C. S. M. c. Siseg S.R.L. s/ despido.
505 _t¿Te interesa el texto completo? Solicitalo al correo: koha@justierradelfuego.gov.ar
650 0 _91316
_aDERECHO LABORAL
650 0 _91323
_aCONTRATO DE TRABAJO
650 0 _91486
_aEXTINCION DEL CONTRATO DE TRABAJO
650 0 _92532
_aDOCTRINA DE LOS ACTOS PROPIOS
650 0 _94707
_aBUENA FE
650 0 _92522
_aABUSO DEL DERECHO
773 0 _02711
_93168
_dCiudad Autónoma de Buenos Aires : Thomson Reuters La Ley, 1999-2002.
_tRevista de derecho del trabajo. Nº 6 - Noviembre 2025
942 _2udc
_cANA